000 00334nam a22001457a 4500
008 210527b ||||| |||| 00| 0 eng d
020 _a2901558102582
041 _aeng
080 _a610.73
082 _a610.73
100 _a2
101 _aINF
245 _aGuide to the Code of Ethics for Nurses
_cFowler,M.D
942 _2udc
_cBK
999 _c57678
_d57678